000 00375nam a2200157Ia 4500
008 230711s9999||||xx |||||||||||||| ||und||
041 _aENG
082 _a720
_bJO-D
100 _aJohnson,R.P
245 0 _aDesigner guide to EN 1994-1-1 euro code 4
250 _a1st Ed.
260 _c2004
_aLondon
_bThomas Telford
300 _a235
650 _aArchitecture
942 _cBK
999 _c5004
_d5004